000 00396nam a2200157Ia 4500
008 230524s9999 xx 000 0 und d
082 _a6.13
_bBLA
100 _aUyless D.Black
245 0 _aComputer Networks-Protocols Standards and Interfaces
250 _a2ND
260 _aNEW DELHI
_bPHI
_c2005
300 _aVIII;425
500 _aQuantity Number: 2
650 _aComp-Sc
942 _cBK
999 _c36082
_d36082